Statistics for Warhammer Fantasy - Factions

Click here to take the quiz!

General Stats

  • This quiz has been taken 320 times
  • The average score is 12 of 15

Answer Stats

Hint Answer % Correct
ChaoticWarriors of Chaos
94%
HumanThe Empire
93%
RatsSkaven
93%
GreenOrcs and Goblins
92%
Live on a curved islandHigh Elves
88%
GraveyardVampire Counts
86%
TreelifeWood Elves
86%
More animal likeBeastmen
83%
NightlifeDark Elves
83%
Cold-bloodedLizardmen
82%
MountainsDwarves
78%
EgyptTomb Kings
78%
HorsesBretonnia
61%
FatOgre Kingdoms
48%
DevilDaemons of Chaos
39%

Score Distribution

Percentile by Number Answered

Percent of People with Each Score

Your Score History

You have not taken this quiz